• 首页
  • 本馆介绍
  • 公告通知
  • 最新文献
  • 馆藏检索
  • 电子资源
  • 读者导购
  • 参考咨询
  • 我的图书馆
  • 登录
  • 详细信息显示
  • 放入我的书架
  • 预约/预借图书
  • 作者相关作品
  • 分类相关作品
  • 丛书相关作品
  • 出版社相关作品

书目信息

  • 表格格式
  • 工作单格式
  • 卡片格式
书名: The International encyclopedia of education
作者: editors-in-chief, Torsten Husben, T. Neville Postlethwaite.
分册号:
分册名:
出版地: Oxford ;
 
出版社: Pergamon Press
出版时间: 1985.
页数: 10 v. :
开本: 26 cm.
丛书名:
中图分类号:
科图分类号:
其他分类号: G51-61
主题词:
电子资源:
000 00917nam 2200277 a 4504
001 E0736353688
005 20070302164510.34
008 030326s1985 enka bd 00100 eng
010    @a8420750
020    @a0080281192 (set).
040    @aDLC@cDLC@dWSU
050 00 @aLB15@b.I569 1985
082 0  @a370/.3/21 @2 19
090    @aI304.3/W2
090    @aG51-61
099    @dG51-61@ex3:6(M-O)
245 04 @aThe International encyclopedia of education :@bresearch and studies / @ceditors-in-chief, Torsten Husben, T. Neville Postlethwaite.
250    @a1st ed.
260 0  @aOxford ;@aNew York :@bPergamon Press,@c1985.
300    @a10 v. :@bill. ;@c26 cm.
500    @aVol. 10: Indexes.
504    @aIncludes bibliographies.
650  0 @aEducation@xDictionaries.
650  0 @aEducation@xResearch@xDictionaries.
700 10 @aPostlethwaite, T. Neville.
700 10 @aHusben, Torsten,@d1916-
    
    The International encyclopedia of education : : research and studies / / editors-in-chief, Torsten Husben, T. Neville Postlethwaite.-1st ed.-Oxford ; ; New York : : Pergamon Press, , 1985.
    10 v. : : ill. ; ; 26 cm.
    Vol. 10: Indexes.-Includes bibliographies.
    
    ISBN 0080281192 (set).
    
●
相关链接 在E读中查询图书 在五车中查询图书 在当当中查询图书 在豆瓣中查询图书


正题名:International encyclopedia of education     索取号:G51-61/x3:6(M-O)         预约/预借

序号 登录号 条形码 馆藏地/架位号 状态 备注
1 182687   001075589   第二样本阅览室/ [索取号:G51-61/x3:6(M-O)] 在馆    
2 182688   001075534   第四借阅区/ [索取号:G51-61/x3:6(M-O)] 在馆    
3 182689   001171886   第四借阅区/ [索取号:G51-61/x3:6(M-O)] 在馆    
唐山师范学院图书馆 欢迎您!
大连网信软件有限公司© 版权所有